01849 a2200397 4500010001700000020002900017020003600046020003500082035001300117037001600130082001200146090001700158245009200175260003700267270005500304300008300359490003300442490003300475490003300508500014700541505021900688650003600907700001900943700001900962700002700981700001901008700002401027700002001051700001201071700001701083700001501100942002701115999001501142952014801157952014601305 aENG-89088-89 a8124601895c800.00 (v.1) a8124603499 (v.2)c1100.00 (v.2) a8124604150 (v.3)c900.00 (v.3) aEN-72621 bDBAD / PUB a307.772 c10212d10212 aForest tribes of Orissa :blifestyle and social conditions of selected Orissan tribes / aNew DelhibD.K. Printworldc2006 a`Sri Kunj', F-32, Bali Nagar,bNew Delhie110 015 a3 V. (xxv, 433p.; xxxii, 552p.; xxxi, 392p.)c23 cm (Hb)bmaps & col.photos aMan and Forest series 5vV.1 aMan and Forest series 6vV.2 aMan and Forest series 7vV.3 aThis book published in 3 vols. - V.1 recd. on 22/6/05 (Rs. 800.00) , v.2 & 3 recd. (27.2.08) & includes bibliographical references and index av.1 - the Dongaria Kondh/by Mihir K. Jena...[et.al]v.2 - The Kuttia Kondh/by Mihir K. Jena...[et.al]v.3 - The Juang: their Ethnosociology, Ethnobotany and local Knowledge of Forests/ by Nityananda Patnaik...[et.al] aOrissa (India) Scheduled Tribes aJena, Mihir K. aPathi, Padmini aPatnaik, Kamala Kumari aSeeland, Klaus aPatnaik, Nityananda aChoudhury, B.P. aA. Rath aBiswal, A.K. aGiri, D.B. adplcENk307.772 / FOR c9972d9972 00102ddc40718NFICaDBADbDBADeDBAD/PUBg1100.00l0m0o307.772 FORpEN-72621 (v.2)r2008-09-15 00:00:00t1u10986v1100.00w2008-09-15yEN 00102ddc40718NFICaDBADbDBADeDBAD/PUBg900.00l0m0o307.772 FORpEN-72622 (v.3)r2008-09-15 00:00:00t1u10987v900.00w2008-09-15yEN